| 000 | 00430 a2200121 4500 | ||
|---|---|---|---|
| 001 | ART_8649 | ||
| 005 | 20260410161834.0 | ||
| 008 | 260409a | ||
| 245 | 1 | 0 | _aEl método simplificado del ajuste contable por inflación. Resolución C.P.C.E.C.F. 183/79 |
| 100 | 1 | _aSenderovich, Isaac Aizik | |
| 700 | 1 | _aTelias, Alejandro J. | |
| 773 | 0 |
_tContabilidad y administración _g- Año 3, Nº 30 (dic. 1979) _wREV5485 |
|
| 999 |
_c23470 _d23470 |
||